Sinh học 12
Sách giáo khoa sinh học lớp 12 được biên soạn theo chương trình cải cách giáo dục do Bộ giáo dục và Đào tạo ban hành. Nội dung gồm có phần lí thuyết và thực hành vận dụng để giải quyết các vấn đề của thực tiễn. Khi sử dụng sách học sinh p...
Tallennettuna:
| Päätekijä: | |
|---|---|
| Aineistotyyppi: | Kirja |
| Kieli: | Undetermined |
| Julkaistu: |
Hà Nội
Giáo dục
2013
|
| Aiheet: | |
| Tagit: |
Lisää tagi
Ei tageja, Lisää ensimmäinen tagi!
|
| Thư viện lưu trữ: | Trung tâm Học liệu Trường Đại học Cần Thơ |
|---|
| LEADER | 01033nam a2200217Ia 4500 | ||
|---|---|---|---|
| 001 | CTU_182326 | ||
| 008 | 210402s9999 xx 000 0 und d | ||
| 020 | |c 16000 | ||
| 082 | |a 570.712 | ||
| 082 | |b Đ110 | ||
| 100 | |a Nguyễn , Thành Đạt | ||
| 245 | 0 | |a Sinh học 12 | |
| 245 | 0 | |c Nguyễn Thành Đạt ... [et al.] (Tổng chủ biên) | |
| 260 | |a Hà Nội | ||
| 260 | |b Giáo dục | ||
| 260 | |c 2013 | ||
| 520 | |a Sách giáo khoa sinh học lớp 12 được biên soạn theo chương trình cải cách giáo dục do Bộ giáo dục và Đào tạo ban hành. Nội dung gồm có phần lí thuyết và thực hành vận dụng để giải quyết các vấn đề của thực tiễn. Khi sử dụng sách học sinh phải cần lưu ý cách sử dụng. | ||
| 650 | |a Biology,Sinh học | ||
| 650 | |x Study and teaching,Học và giảng dạy | ||
| 904 | |i Bằng | ||
| 980 | |a Trung tâm Học liệu Trường Đại học Cần Thơ | ||